000 00249nam a2200097Ia 4500
001 689155
005 20250826161629.0
008 250824s9999 xx 000 0 und d
245 0 _aEVE GİDEN KÜÇÜK TREN
_cBEHİÇ AK
260 _bGÜNIŞIĞI YAYINLARI
999 _c689155
_d689155